|
|
|
|
| LEADER |
01660nam a2200433 a 4500 |
| 001 |
000834702 |
| 003 |
CZ BrMZK |
| 005 |
20061221083218.0 |
| 007 |
ta |
| 008 |
061206s2004 xr a erc 000 0dcze |
| 020 |
|
|
|q (Brož.)
|
| 040 |
|
|
|a BOA001
|b cze
|
| 041 |
1 |
|
|a cze
|a eng
|h cze
|
| 043 |
|
|
|a e-xr---
|
| 072 |
|
7 |
|a 72/76
|x Výtvarné umění
|2 Konspekt
|9 21
|
| 080 |
|
|
|a 72/76(437.3)
|2 MRF
|
| 080 |
|
|
|a 7.036/.038
|2 MRF
|
| 080 |
|
|
|a (437.3)
|2 MRF
|
| 080 |
|
|
|a (083.824)
|2 MRF
|
| 100 |
1 |
|
|a Václavek, Ivan,
|d 1979-
|7 jo2004244321
|4 art
|
| 245 |
1 |
0 |
|a Ivan Václavek :
|b [Umění vzpoury : 146. výstava Galerie Caesar = The art of rebellion : 146th Galerie Caesar exhibition : 1.6.-30.6.2004 /
|c text Jiří Hůla, Miroslav Schubert, David Voda]
|
| 246 |
3 |
0 |
|a Umění vzpoury
|
| 246 |
3 |
1 |
|a Art of rebellion
|
| 260 |
|
|
|a Olomouc :
|b Galerie Caesar,
|c [2004]
|
| 300 |
|
|
|a [4] s. :
|b barev. il. ;
|c 30 cm
|
| 500 |
|
|
|a Název z obálky
|
| 500 |
|
|
|a Životopisná data, přehled výstav a zastoupení ve sbírkách
|
| 546 |
|
|
|a Souběžný anglický text
|
| 600 |
1 |
7 |
|a Václavek, Ivan,
|d 1979-
|7 jo2004244321
|2 czenas
|
| 650 |
0 |
7 |
|a české výtvarné umění
|7 ph116865
|y 20.-21. stol.
|2 czenas
|
| 650 |
0 |
7 |
|a moderní umění
|7 ph115340
|z Česko
|2 czenas
|
| 655 |
|
7 |
|a katalogy výstav
|7 fd132536
|2 czenas
|
| 700 |
1 |
|
|a Hůla, Jiří,
|d 1944-2022
|7 jn20000401152
|4 aut
|
| 700 |
1 |
|
|a Schubert, Miroslav,
|d 1961-
|7 jo2001100044
|4 aut
|
| 700 |
1 |
|
|a Voda, David,
|d 1976-
|7 jo2003181546
|4 aut
|
| 910 |
2 |
|
|a BOA001
|b 4-1172.777
|
| 990 |
|
|
|a BK
|
| 991 |
|
|
|b 200612
|
| 996 |
6 |
|
|b 2610296684
|c 4-1172.777
|l MZK
|r Sklad / do 1 hodiny
|n 0
|p p.v.
|w 000834702
|u 000010
|a 1
|e BOA001
|j MZK50
|s P
|